000 00729nam a22002417a 4500
005 20250620122330.0
008 250620b |||||||| |||| 00| 0 eng d
017 _aLD.0300
018 _a2025
020 _a9789785712254
040 _aNLN
_bEnglish
_eAACR2
050 _aPR9387.9.A295
_bT443
082 _a823
100 _aAINA-CRAIG, Bunmi
_eaut
_965384
245 _aThings tumble into place /
_cBunmi Aina-Craig
260 _aMakurdi, Benue State (43, New Bridge Otukpo Road P.O.Box 4957) :
_bGwatex Publishers,
_c2020
300 _avi, 245p. ;
_b19cm.
563 _a(pbk.)
650 _aNigerian fiction (English)
650 _aNigerian literature (English)
856 _uwww.gwatexpublishers.com
942 _cBK
_n0
999 _c32365
_d32365